[Event "Europa tch 2011 femenino"]
[Site "Porto Carras"]
[Date "2011.11.05"]
[Round "3.2"]
[White "Bojkovic, Natasa"]
[Black "Dzagnidze, Nana"]
[Result "0-1"]
[WhiteElo "2396"]
[BlackElo "2516"]
[PlyCount "106"]
[EventDate "2011.11.03"]
[EventType "team"]
[EventRounds "9"]
[EventCountry "GRE"]
[Source "lmi"]
[SourceDate "2011.11.03"]

1. e4 e5 2. Nf3 Nc6 3. Bc4 Nf6 4. d3 Bc5 5. c3 d6 6. Nbd2 O-O 7. h3 a6 8. b4
Ba7 9. Bb3 Nh5 10. Nf1 Be6 11. Bg5 Qd7 12. Be3 Bxe3 13. Nxe3 Nf4 14. g3 Ng6 15.
Ng5 Bxb3 16. axb3 Nge7 17. Qg4 f5 18. exf5 Nxf5 19. Ne4 Nce7 20. Nxf5 Nxf5 21.
O-O Qf7 22. Nd2 Rae8 23. Qe2 Re6 24. Kg2 h5 25. Ne4 Qg6 26. Kh2 h4 27. Qg4 Qe8
28. Qe2 Rh6 29. g4 Ne7 30. Nd2 Rhf6 31. f3 Nd5 32. Rac1 Nf4 33. Qe3 Qg6 34. Ne4
R6f7 35. Rcd1 Ne6 36. Nd2 Ng5 37. Kg2 Rf4 38. Rf2 Qf7 39. Rdf1 Qd5 40. Re1 Ne6
41. d4 R4f7 42. Kh2 Nf4 43. Rff1 exd4 44. cxd4 Qb5 45. Ne4 Qxb4 46. Ng5 Rf6 47.
Rc1 Qa5 48. Ne4 Re6 49. d5 Qxd5 50. Rxc7 Qe5 51. Qc3 d5 52. Qxe5 Rxe5 53. Nc3
Re3 0-1

[Event "Europa tch 2011 femenino"]
[Site "Porto Carras"]
[Date "2011.11.05"]
[Round "3.2"]
[White "Javakhishvili, Lela"]
[Black "Chelushkina, Irina"]
[Result "1/2-1/2"]
[WhiteElo "2475"]
[BlackElo "2276"]
[PlyCount "89"]
[EventDate "2011.11.03"]
[EventType "team"]
[EventRounds "9"]
[EventCountry "GRE"]
[Source "lmi"]
[SourceDate "2011.11.03"]

1. d4 Nf6 2. Nf3 g6 3. g3 Bg7 4. Bg2 O-O 5. c4 c6 6. Nc3 d6 7. O-O Qa5 8. e4 e5
9. h3 Be6 10. Qe2 Na6 11. Rd1 Rfe8 12. Be3 Nc7 13. a3 Qa6 14. d5 cxd5 15. exd5
Bd7 16. b4 b6 17. a4 Qc8 18. Ng5 Rd8 19. a5 Rb8 20. axb6 axb6 21. Ra7 Nfe8 22.
c5 bxc5 23. bxc5 h6 24. Nge4 Nb5 25. Nxb5 Bxb5 26. Qa2 dxc5 27. Nxc5 Nd6 28.
Rc1 Qf5 29. g4 Qf6 30. Ne4 Nxe4 31. Bxe4 Be8 32. Qd2 Qh4 33. Bg2 e4 34. d6 Bd7
35. Bf4 Qf6 36. Bxe4 Rb3 37. Bg2 g5 38. Be3 Bf8 39. Rd1 Qg6 40. Qa5 Rb1 41.
Rxb1 Qxb1+ 42. Bf1 Bc6 43. Qa2 Qxa2 44. Rxa2 Rxd6 45. Rd2 1/2-1/2

[Event "Europa tch 2011 femenino"]
[Site "Porto Carras"]
[Date "2011.11.05"]
[Round "3.2"]
[White "Melia, Salome"]
[Black "Drljevic, Ljilja"]
[Result "1/2-1/2"]
[WhiteElo "2392"]
[BlackElo "2273"]
[PlyCount "94"]
[EventDate "2011.11.03"]
[EventType "team"]
[EventRounds "9"]
[EventCountry "GRE"]
[Source "lmi"]
[SourceDate "2011.11.03"]

1. e4 d5 2. exd5 Qxd5 3. Nc3 Qd6 4. d4 Nf6 5. Nf3 c6 6. h3 Nbd7 7. Bd3 g6 8.
O-O Bg7 9. Re1 O-O 10. a4 Re8 11. Ne5 Nf8 12. Ne2 Nd5 13. Ng3 Nb4 14. Bf1 Rd8
15. Qe2 Qc7 16. Nf3 Ne6 17. c3 Nd5 18. Ne5 c5 19. Qf3 Nf6 20. dxc5 Rd5 21. Nd3
Nxc5 22. Bf4 Qd8 23. Nxc5 Rxc5 24. Qe3 b6 25. Qxe7 Bd7 26. Qxd8+ Rxd8 27. Rad1
Rd5 28. Bc4 Bxa4 29. Ra1 Rd1 30. Rexd1 Rxd1+ 31. Rxd1 Bxd1 32. Bb8 a5 33. Bc7
Nd7 34. Ne4 Be5 35. Bd8 a4 36. Ng5 Bb3 37. Bb5 Bxc3 38. Bxd7 Bxb2 39. Bxa4 Bxa4
40. Bxb6 Bc6 41. f3 Bd5 42. Kf2 f5 43. f4 Bc1 44. g3 Bb2 45. Nf3 Kf8 46. Bc5+
Ke8 47. Ng5 Bg8 1/2-1/2

[Event "Europa tch 2011 femenino"]
[Site "Porto Carras"]
[Date "2011.11.05"]
[Round "3.2"]
[White "Stojanovic, Andjelija"]
[Black "Khurtsidze, Nino"]
[Result "1/2-1/2"]
[WhiteElo "2280"]
[BlackElo "2440"]
[PlyCount "96"]
[EventDate "2011.11.03"]
[EventType "team"]
[EventRounds "9"]
[EventCountry "GRE"]
[Source "lmi"]
[SourceDate "2011.11.03"]

1. d4 Nf6 2. Bg5 c5 3. d5 Qb6 4. Nc3 g6 5. e4 Bg7 6. Rb1 d6 7. Nf3 O-O 8. Nd2
a6 9. f3 h6 10. Be3 Qc7 11. a4 e6 12. Nc4 exd5 13. Nxd5 Nxd5 14. Qxd5 Rd8 15.
a5 Nc6 16. Nb6 Rb8 17. Qd2 Kh7 18. Bc4 Ne5 19. Bd5 Be6 20. O-O Nc6 21. Bc4 Ne5
22. Bd5 Nc6 23. Bc4 Ne5 24. Bd5 Bxd5 25. Nxd5 Qd7 26. b3 Rf8 27. Rbd1 Rbd8 28.
h3 f5 29. f4 Nc6 30. e5 Qf7 31. exd6 Nd4 32. c4 Nxb3 33. Qf2 Nd4 34. Bxd4 Bxd4
35. Rxd4 cxd4 36. Re1 Rd7 37. Re7 Rxe7 38. dxe7 Re8 39. Qxd4 Rxe7 40. Nxe7 Qxe7
41. c5 g5 42. fxg5 hxg5 43. Qd6 Qe1+ 44. Kh2 Qxa5 45. Qe7+ Kg6 46. Qe6+ Kg7 47.
Qe7+ Kg6 48. Qe6+ Kg7 1/2-1/2

[Event "Europa tch 2011 femenino"]
[Site "Porto Carras"]
[Date "2011.11.05"]
[Round "3.3"]
[White "Gaponenko, Inna"]
[Black "Lanchava, Tea"]
[Result "1-0"]
[WhiteElo "2435"]
[BlackElo "2320"]
[PlyCount "93"]
[EventDate "2011.11.03"]
[EventType "team"]
[EventRounds "9"]
[EventCountry "GRE"]
[Source "lmi"]
[SourceDate "2011.11.03"]

1. e4 g6 2. d4 Bg7 3. Nc3 c6 4. e5 d5 5. f4 Nh6 6. Nf3 f6 7. Be3 O-O 8. h3 Qb6
9. Na4 Qa5+ 10. c3 Nf5 11. Bf2 fxe5 12. fxe5 Bh6 13. b4 Qd8 14. Bd3 b6 15. Qe2
Bf4 16. O-O a5 17. a3 Ba6 18. Nb2 e6 19. c4 Qe7 20. c5 Qb7 21. Na4 Bxd3 22.
Qxd3 b5 23. Nb6 Ra7 24. a4 bxa4 25. Rxa4 axb4 26. Rxb4 Qg7 27. Rfb1 Nd7 28.
Nxd7 Rxd7 29. Qa6 Ne7 30. Rb8 h6 31. g3 Nf5 32. R8b4 Ne7 33. Rb8 Bg5 34. h4 Kh7
35. Rxf8 Qxf8 36. Kg2 Bf4 37. gxf4 Qxf4 38. Rb7 Rxb7 39. Qxb7 Qf7 40. Nh2 Kh8
41. Ng4 g5 42. Nf6 gxh4 43. Kh2 h5 44. Qb8+ Kg7 45. Qe8 Qxe8 46. Nxe8+ Kf7 47.
Nd6+ 1-0

[Event "Europa tch 2011 femenino"]
[Site "Porto Carras"]
[Date "2011.11.05"]
[Round "3.3"]
[White "Haast, Anne"]
[Black "Muzychuk, Mariya"]
[Result "0-1"]
[WhiteElo "2268"]
[BlackElo "2460"]
[PlyCount "72"]
[EventDate "2011.11.03"]
[EventType "team"]
[EventRounds "9"]
[EventCountry "GRE"]
[Source "lmi"]
[SourceDate "2011.11.03"]

1. e4 c5 2. Nf3 e6 3. d4 cxd4 4. Nxd4 a6 5. c4 Nf6 6. Nc3 Bb4 7. Bd3 Nc6 8. O-O
Nxd4 9. e5 Be7 10. exf6 Bxf6 11. Be3 Nc6 12. Ne4 d6 13. Qd2 Be7 14. Rad1 f5 15.
Nc3 O-O 16. Bb1 Ne5 17. Qe2 Qc7 18. b3 b5 19. f4 Ng4 20. Bd4 bxc4 21. bxc4 Bf6
22. Kh1 Rb8 23. h3 Bxd4 24. Rxd4 Nf6 25. Rfd1 Rb6 26. Qd2 Bb7 27. a4 Rd8 28.
Ba2 Ne4 29. Nxe4 Bxe4 30. c5 Qxc5 31. Bxe6+ Kf8 32. a5 Rb5 33. Qf2 d5 34. Qh4
Qe7 35. Qxh7 Qxe6 36. Rc1 Qh6 0-1

[Event "Europa tch 2011 femenino"]
[Site "Porto Carras"]
[Date "2011.11.05"]
[Round "3.3"]
[White "Lahno, Kateryna"]
[Black "Peng, Zhaoqin"]
[Result "1-0"]
[WhiteElo "2549"]
[BlackElo "2379"]
[PlyCount "103"]
[EventDate "2011.11.03"]
[EventType "team"]
[EventRounds "9"]
[EventCountry "GRE"]
[Source "lmi"]
[SourceDate "2011.11.03"]

1. d4 d5 2. c4 c6 3. Nc3 Nf6 4. e3 a6 5. Nf3 b5 6. b3 Bg4 7. Be2 e6 8. h3 Bb4
9. Bd2 Bxf3 10. Bxf3 Nbd7 11. O-O Be7 12. Qe2 O-O 13. Rfd1 bxc4 14. bxc4 Nb6
15. c5 Nc4 16. Be1 Rb8 17. Qf1 a5 18. Be2 Nb2 19. Rdb1 e5 20. a4 exd4 21. exd4
Qd7 22. Bd2 Qf5 23. Ra2 Nc4 24. Bxc4 dxc4 25. Rab2 Rxb2 26. Rxb2 Qe6 27. Rb1
Rd8 28. Re1 Qd7 29. Qxc4 Qxd4 30. Qxd4 Rxd4 31. Rxe7 Rxd2 32. Rc7 Kf8 33. Rxc6
Rc2 34. Nb5 Rc1+ 35. Kh2 Nd7 36. Rc7 Nxc5 37. Nd6 h6 38. Nb7 Nd3 39. Rxc1 Nxc1
40. Nxa5 Ke7 41. Nc4 Nd3 42. Kg3 Ke6 43. a5 Nc5 44. Kf4 g6 45. Ne3 Nd3+ 46. Ke4
Nc5+ 47. Kf3 h5 48. Nc2 Na6 49. Ke4 Nc5+ 50. Ke3 Kd6 51. Nb4 Ne6 52. a6 1-0

[Event "Europa tch 2011 femenino"]
[Site "Porto Carras"]
[Date "2011.11.05"]
[Round "3.3"]
[White "Schut, Lisa"]
[Black "Ushenina, Anna"]
[Result "1/2-1/2"]
[WhiteElo "2284"]
[BlackElo "2463"]
[PlyCount "121"]
[EventDate "2011.11.03"]
[EventType "team"]
[EventRounds "9"]
[EventCountry "GRE"]
[Source "lmi"]
[SourceDate "2011.11.03"]

1. e4 d5 2. exd5 Qxd5 3. Nc3 Qd6 4. d4 Nf6 5. Nf3 c6 6. g3 Bf5 7. Bg2 e6 8. O-O
Be7 9. Nh4 Bg4 10. Ne4 Bxd1 11. Nxd6+ Bxd6 12. Rxd1 O-O 13. c4 Rd8 14. Bd2 a5
15. Nf3 Nbd7 16. Rac1 h6 17. h3 Ne4 18. Be3 Nef6 19. Rd3 e5 20. dxe5 Nxe5 21.
Rdd1 Nxf3+ 22. Bxf3 Bc7 23. Rxd8+ Rxd8 24. Rc3 Rd7 25. Kf1 Be5 26. Rb3 Ne8 27.
Bg4 Re7 28. f4 a4 29. Rd3 Bf6 30. b3 axb3 31. axb3 Nc7 32. Bc5 Re8 33. Rd7 Na6
34. Bd6 b6 35. Rb7 Bd4 36. b4 Re3 37. Ra7 Ra3 38. Bc8 Ra1+ 39. Kg2 Ra2+ 40. Kf3
Nxb4 41. Rxa2 Nxa2 42. Bd7 b5 43. cxb5 cxb5 44. Bxb5 Nc3 45. Bc6 h5 46. f5 g6
47. Kf4 Kg7 48. g4 hxg4 49. hxg4 gxf5 50. Kxf5 Kg8 51. Be7 Bg7 52. Bc5 Bf8 53.
Bd4 Bg7 54. Bc5 Bf8 55. Be3 Bg7 56. g5 Kh7 57. Bc5 Ne2 58. Ke4 Nd4 59. Bxd4
Bxd4 60. Kxd4 Kg6 61. Be8 1/2-1/2

[Event "Europa tch 2011 femenino"]
[Site "Porto Carras"]
[Date "2011.11.05"]
[Round "3.4"]
[White "Aginian, Nelly"]
[Black "Hoolt, Sarah"]
[Result "1-0"]
[WhiteElo "2263"]
[BlackElo "2286"]
[PlyCount "51"]
[EventDate "2011.11.03"]
[EventType "team"]
[EventRounds "9"]
[EventCountry "GRE"]
[Source "lmi"]
[SourceDate "2011.11.03"]

1. e4 c5 2. Nf3 e6 3. d4 cxd4 4. Nxd4 Nc6 5. Nc3 Qc7 6. Be3 a6 7. Qd2 Nf6 8.
O-O-O Be7 9. f3 b5 10. g4 O-O 11. g5 Nh5 12. Kb1 Ne5 13. f4 Ng4 14. e5 Bb4 15.
Be2 Bxc3 16. bxc3 Nxe3 17. Qxe3 g6 18. Bxh5 gxh5 19. Rhg1 Bb7 20. f5 exf5 21.
Nxf5 Rae8 22. Rd6 Re6 23. Rgd1 Bc6 24. Qf4 Qa5 25. Nh6+ Kg7 26. Rxd7 1-0

[Event "Europa tch 2011 femenino"]
[Site "Porto Carras"]
[Date "2011.11.05"]
[Round "3.4"]
[White "Mkrtchian, Lilit"]
[Black "Michna, Marta"]
[Result "1/2-1/2"]
[WhiteElo "2469"]
[BlackElo "2382"]
[PlyCount "76"]
[EventDate "2011.11.03"]
[EventType "team"]
[EventRounds "9"]
[EventCountry "GRE"]
[Source "lmi"]
[SourceDate "2011.11.03"]

1. d4 e6 2. c4 b6 3. a3 Bb7 4. Nc3 f5 5. d5 Nf6 6. g3 Bd6 7. Bg2 O-O 8. Nh3 Na6
9. Nb5 Nc5 10. Nxd6 cxd6 11. b4 Na6 12. Bf4 e5 13. Bg5 Rc8 14. Rc1 h6 15. Bxf6
Qxf6 16. b5 Nc5 17. O-O f4 18. Qc2 g5 19. f3 Qf5 20. Qd1 h5 21. Nf2 fxg3 22.
hxg3 Qg6 23. e4 Rf6 24. Qc2 Rcf8 25. Rce1 Qh7 26. Qd1 Qf7 27. Nh3 Qg7 28. Nf2
Qg6 29. Qc2 R6f7 30. Qa2 Qg7 31. Nh3 Qh6 32. Nf2 Qg7 33. Nh3 Rf6 34. Nf2 R8f7
35. Nh3 Rg6 36. Nf2 Rgf6 37. Nh3 Rg6 38. Nf2 Rgf6 1/2-1/2

[Event "Europa tch 2011 femenino"]
[Site "Porto Carras"]
[Date "2011.11.05"]
[Round "3.4"]
[White "Ohme, Melanie"]
[Black "Kursova, Maria"]
[Result "1/2-1/2"]
[WhiteElo "2361"]
[BlackElo "2315"]
[PlyCount "105"]
[EventDate "2011.11.03"]
[EventType "team"]
[EventRounds "9"]
[EventCountry "GRE"]
[Source "lmi"]
[SourceDate "2011.11.03"]

1. e4 c5 2. Nf3 e6 3. d4 cxd4 4. Nxd4 Nc6 5. Be3 Qc7 6. Nc3 a6 7. Bd3 Nf6 8.
O-O Ne5 9. h3 Bc5 10. a4 d6 11. Qe2 O-O 12. Nb3 Bxe3 13. Qxe3 b6 14. f4 Ng6 15.
Nd2 Rb8 16. Nf3 Qc5 17. Qxc5 bxc5 18. Nd2 d5 19. b3 Bb7 20. a5 Ne7 21. e5 Nd7
22. Ne2 Nc6 23. c3 f6 24. exf6 Rxf6 25. Nf3 Rbf8 26. Ng5 g6 27. Bc2 Kg7 28. Nf3
e5 29. fxe5 Ndxe5 30. Nd2 Rxf1+ 31. Nxf1 d4 32. cxd4 cxd4 33. Be4 Rf7 34. Nd2
d3 35. Nc3 Nd4 36. Re1 Bxe4 37. Rxe4 Ndc6 38. Re1 Nd4 39. Re4 Nec6 40. Re3 Rd7
41. Nce4 Nf5 42. Re1 Nxa5 43. Nc5 Rd5 44. Nxa6 Rb5 45. Nc7 Rb6 46. Ne6+ Kf6 47.
Nc5 Rb5 48. Nde4+ Kg7 49. Nxd3 Nxb3 50. Nf4 Nbd4 51. Ra1 Re5 52. Ra7+ Re7 53.
Rxe7+ 1/2-1/2

[Event "Europa tch 2011 femenino"]
[Site "Porto Carras"]
[Date "2011.11.05"]
[Round "3.4"]
[White "Paehtz, Elisabeth"]
[Black "Danielian, Elina"]
[Result "1/2-1/2"]
[WhiteElo "2457"]
[BlackElo "2507"]
[PlyCount "29"]
[EventDate "2011.11.03"]
[EventType "team"]
[EventRounds "9"]
[EventCountry "GRE"]
[Source "lmi"]
[SourceDate "2011.11.03"]

1. Nf3 d5 2. d4 Nf6 3. c4 dxc4 4. e3 e6 5. Bxc4 c5 6. O-O a6 7. dxc5 Qxd1 8.
Rxd1 Bxc5 9. Be2 b6 10. Nbd2 Bb7 11. Nc4 Nbd7 12. Bd2 O-O 13. Nfe5 Nxe5 14.
Nxe5 Rfd8 15. Nd3 1/2-1/2

[Event "Europa tch 2011 femenino"]
[Site "Porto Carras"]
[Date "2011.11.05"]
[Round "3.5"]
[White "Cemhan, Kardelen"]
[Black "Olsarova, Tereza"]
[Result "1-0"]
[WhiteElo "1881"]
[BlackElo "2232"]
[PlyCount "81"]
[EventDate "2011.11.03"]
[EventType "team"]
[EventRounds "9"]
[EventCountry "GRE"]
[Source "lmi"]
[SourceDate "2011.11.03"]

1. e4 c5 2. Nf3 e6 3. d4 cxd4 4. Nxd4 Nf6 5. Nc3 Nc6 6. Be3 Bb4 7. Bd3 d5 8.
Nxc6 bxc6 9. Bd2 Qc7 10. O-O O-O 11. Re1 Bd6 12. h3 dxe4 13. Nxe4 Nxe4 14. Rxe4
f5 15. Re1 e5 16. Bc4+ Kh8 17. Bc3 Bb7 18. Qd2 Qe7 19. Rad1 Rad8 20. Qe2 e4 21.
a3 Bb8 22. Rxd8 Qxd8 23. Qh5 c5 24. Rd1 Qc7 25. Qg5 e3 26. Bxg7+ Qxg7 27. Qxg7+
Kxg7 28. Rd7+ Kg6 29. Rxb7 f4 30. Re7 Rd8 31. fxe3 Rd1+ 32. Kf2 fxe3+ 33. Rxe3
Bf4 34. Re7 Bc1 35. Rxa7 Bxb2 36. a4 Bd4+ 37. Kf3 Re1 38. g4 Re3+ 39. Kf4 Rxh3
40. Bd3+ Kf6 41. g5+ 1-0

[Event "Europa tch 2011 femenino"]
[Site "Porto Carras"]
[Date "2011.11.05"]
[Round "3.5"]
[White "Havlikova, Kristyna"]
[Black "Kaya, Emel"]
[Result "1-0"]
[WhiteElo "2285"]
[BlackElo "2005"]
[PlyCount "67"]
[EventDate "2011.11.03"]
[EventType "team"]
[EventRounds "9"]
[EventCountry "GRE"]
[Source "lmi"]
[SourceDate "2011.11.03"]

1. e4 e5 2. Nf3 Nc6 3. Bb5 a6 4. Ba4 Nf6 5. O-O b5 6. Bb3 Bb7 7. d3 Bd6 8. Bd2
O-O 9. a4 Re8 10. h3 Bf8 11. Bg5 h6 12. Bh4 Na5 13. Ba2 b4 14. Nbd2 d5 15. exd5
g5 16. Bg3 Bxd5 17. Nxe5 Bxa2 18. Rxa2 Qd5 19. Nec4 Rac8 20. Ra1 Nc6 21. Ne3
Qd4 22. Ndc4 Re6 23. Qf3 Ne7 24. Rae1 c5 25. Ng4 Nxg4 26. Rxe6 fxe6 27. hxg4
Qd5 28. Qe3 Rc6 29. Re1 Bg7 30. Na5 Rc8 31. Qxe6+ Qxe6 32. Rxe6 Kf7 33. Rxa6
Bxb2 34. Nc4 1-0

[Event "Europa tch 2011 femenino"]
[Site "Porto Carras"]
[Date "2011.11.05"]
[Round "3.5"]
[White "Ozturk, Kubra"]
[Black "Nemcova, Katerina"]
[Result "1/2-1/2"]
[WhiteElo "2239"]
[BlackElo "2276"]
[PlyCount "65"]
[EventDate "2011.11.03"]
[EventType "team"]
[EventRounds "9"]
[EventCountry "GRE"]
[Source "lmi"]
[SourceDate "2011.11.03"]

1. d4 Nf6 2. c4 e6 3. Nc3 Bb4 4. e3 d5 5. Nge2 O-O 6. a3 Be7 7. Nf4 c6 8. cxd5
exd5 9. Bd3 Bd6 10. O-O Nbd7 11. b4 Re8 12. b5 Nf8 13. a4 Qc7 14. bxc6 bxc6 15.
g3 Bxf4 16. exf4 Bh3 17. Re1 Rxe1+ 18. Qxe1 Re8 19. Be3 Ng6 20. Bf1 Bxf1 21.
Qxf1 Ne7 22. Qd3 Qd7 23. f3 Nf5 24. Bf2 Nd6 25. a5 Nc4 26. a6 Qc8 27. Qb1 Nd2
28. Qd1 Nc4 29. Qb1 Nd2 30. Qd3 Nc4 31. Qb1 Nd2 32. Qd3 Nc4 33. Qb1 1/2-1/2

[Event "Europa tch 2011 femenino"]
[Site "Porto Carras"]
[Date "2011.11.05"]
[Round "3.6"]
[White "De Seroux, Camille"]
[Black "Szczepkowska-H., Karina"]
[Result "0-1"]
[WhiteElo "2056"]
[BlackElo "2379"]
[PlyCount "76"]
[EventDate "2011.11.03"]
[EventType "team"]
[EventRounds "9"]
[EventCountry "GRE"]
[Source "lmi"]
[SourceDate "2011.11.03"]

1. e4 e5 2. Nf3 Nc6 3. d4 exd4 4. Nxd4 Nf6 5. Nxc6 bxc6 6. e5 Qe7 7. Qe2 Nd5 8.
c4 Nb6 9. Nd2 a5 10. g3 Ba6 11. b3 O-O-O 12. Bb2 Rg8 13. Bg2 g5 14. O-O Bg7 15.
Rfe1 Rde8 16. Nf3 g4 17. Nd4 Qg5 18. f4 gxf3 19. Nxf3 Qh5 20. Qd2 a4 21. Qa5
Bb7 22. c5 a3 23. Qxa3 Nd5 24. Qa4 Bh6 25. Qh4 Qg6 26. Nd4 Be3+ 27. Kh1 Rxe5
28. Nxc6 Qxc6 29. Qxh7 Rge8 30. h4 Nf6 31. Bxc6 Bxc6+ 32. Kh2 Nxh7 33. Bxe5
Rxe5 34. b4 Nf6 35. Rf1 Ng4+ 36. Kh3 Nf2+ 37. Kh2 f5 38. Rae1 f4 0-1

[Event "Europa tch 2011 femenino"]
[Site "Porto Carras"]
[Date "2011.11.05"]
[Round "3.6"]
[White "Majdan Gajewska, Joanna"]
[Black "Heinatz, Dr Gundula"]
[Result "1/2-1/2"]
[WhiteElo "2386"]
[BlackElo "2205"]
[PlyCount "112"]
[EventDate "2011.11.03"]
[EventType "team"]
[EventRounds "9"]
[EventCountry "GRE"]
[Source "lmi"]
[SourceDate "2011.11.03"]

1. e4 c5 2. Nf3 Nc6 3. d4 cxd4 4. Nxd4 g6 5. c4 Nf6 6. Nc3 d6 7. Nc2 Bg7 8. Be2
Nd7 9. Bd2 O-O 10. b4 b6 11. Rc1 Bb7 12. O-O Rc8 13. Kh1 Re8 14. f4 e6 15. Be1
Qe7 16. Rf3 f5 17. Rd3 fxe4 18. Nxe4 d5 19. cxd5 exd5 20. Rxd5 Ncb8 21. Bf3
Bxd5 22. Qxd5+ Kh8 23. Qb3 Qe6 24. Qa3 Qc4 25. Bd2 Rxe4 26. Ne3 Rxe3 27. Rxc4
Rxa3 28. Rxc8+ Bf8 29. Bc3+ Rxc3 30. Rxc3 Bxb4 31. Rc8+ Kg7 32. Bg4 Kf7 33. Rc7
Ke7 34. Rxa7 Kd6 35. Ra4 Nc6 36. Bf3 Bc5 37. f5 Nd4 38. fxg6 hxg6 39. Be4 Ne5
40. Ra8 Ke6 41. g3 Nf5 42. Re8+ Kf6 43. Bd5 Ng7 44. Rc8 Nf5 45. Re8 Nd3 46.
Re6+ Kg7 47. Be4 Nf2+ 48. Kg2 Nxe4 49. Rxe4 Kf6 50. Kf3 Nd4+ 51. Kg4 Ne6 52. h4
Bd6 53. Rc4 Bc5 54. Rc1 b5 55. h5 gxh5+ 56. Kxh5 Ke5 1/2-1/2

[Event "Europa tch 2011 femenino"]
[Site "Porto Carras"]
[Date "2011.11.05"]
[Round "3.6"]
[White "Seps, Monika"]
[Black "Socko, Monika"]
[Result "0-1"]
[WhiteElo "2198"]
[BlackElo "2479"]
[PlyCount "74"]
[EventDate "2011.11.03"]
[EventType "team"]
[EventRounds "9"]
[EventCountry "GRE"]
[Source "lmi"]
[SourceDate "2011.11.03"]

1. e4 g6 2. d4 Bg7 3. Nc3 d6 4. Nge2 Nd7 5. g3 c5 6. Bg2 Ngf6 7. O-O O-O 8. h3
Rb8 9. Be3 b6 10. g4 cxd4 11. Bxd4 Nc5 12. Ng3 Bb7 13. Qd2 Rc8 14. Rad1 Qc7 15.
f4 Ne8 16. Be3 Nd7 17. Nge2 a6 18. Qe1 b5 19. Qf2 b4 20. Nd5 Bxd5 21. exd5 Bxb2
22. Nd4 Bxd4 23. Bxd4 Qxc2 24. Qe3 Nc5 25. Rd2 Qc4 26. Qxe7 Rc7 27. Qh4 Nd3 28.
Ba1 Nxf4 29. Re1 Nxg2 30. Kxg2 f5 31. Qg5 Ng7 32. Bb2 fxg4 33. Rd4 Qc2+ 34. Rd2
gxh3+ 35. Kg1 Qf5 36. Qh6 Nh5 37. Rde2 Rcf7 0-1

[Event "Europa tch 2011 femenino"]
[Site "Porto Carras"]
[Date "2011.11.05"]
[Round "3.6"]
[White "Toma, Katarzyna"]
[Black "Stoeri, Laura"]
[Result "1-0"]
[WhiteElo "2297"]
[BlackElo "1939"]
[PlyCount "80"]
[EventDate "2011.11.03"]
[EventType "team"]
[EventRounds "9"]
[EventCountry "GRE"]
[Source "lmi"]
[SourceDate "2011.11.03"]

1. e4 e5 2. Nf3 Nc6 3. Bb5 a6 4. Ba4 Nf6 5. Qe2 b5 6. Bb3 Be7 7. c3 d5 8. d3
O-O 9. O-O Bb7 10. Rd1 Re8 11. Nbd2 Bf8 12. Nf1 h6 13. Ne3 Nb8 14. a4 dxe4 15.
dxe4 Nbd7 16. axb5 axb5 17. Rxa8 Qxa8 18. Qxb5 Nc5 19. Bc2 Ncxe4 20. Nh4 Nd6
21. Qe2 e4 22. Nhf5 Bc8 23. Ng3 Qa5 24. h3 Ba6 25. Qe1 h5 26. Ne2 Qe5 27. Nd4
Bb7 28. b4 c5 29. bxc5 Qxc5 30. Bb3 Rc8 31. Bb2 Ba6 32. Ra1 Bd3 33. Qd1 Nc4 34.
Bxc4 Bxc4 35. Qa4 Bd5 36. c4 Bc6 37. Qa6 Bd7 38. Nb5 Qb4 39. Bxf6 gxf6 40. Nd5
Be6 1-0

[Event "Europa tch 2011 femenino"]
[Site "Porto Carras"]
[Date "2011.11.05"]
[Round "3.7"]
[White "Dembo, Yelena"]
[Black "Hoang, Thanh Trang"]
[Result "1/2-1/2"]
[WhiteElo "2468"]
[BlackElo "2446"]
[PlyCount "56"]
[EventDate "2011.11.03"]
[EventType "team"]
[EventRounds "9"]
[EventCountry "GRE"]
[Source "lmi"]
[SourceDate "2011.11.03"]

1. e4 e6 2. d4 d5 3. Nc3 Bb4 4. e5 c5 5. Bd2 Ne7 6. a3 Bxc3 7. Bxc3 b6 8. Bb5+
Bd7 9. Bd3 Nbc6 10. f4 cxd4 11. Bd2 Ng6 12. Bxg6 fxg6 13. Nf3 O-O 14. O-O Rc8
15. Qe2 a5 16. g3 Qc7 17. Be1 Ne7 18. Nxd4 Nf5 19. Bf2 Nxd4 20. Bxd4 Qxc2 21.
Qxc2 Rxc2 22. Rac1 Rfc8 23. Rxc2 Rxc2 24. Rf2 Rc6 25. Rf3 b5 26. Rc3 b4 27.
Rxc6 Bxc6 28. axb4 axb4 1/2-1/2

[Event "Europa tch 2011 femenino"]
[Site "Porto Carras"]
[Date "2011.11.05"]
[Round "3.7"]
[White "Fakhiridou, Ekaterini"]
[Black "Rudolf, Anna"]
[Result "1-0"]
[WhiteElo "2180"]
[BlackElo "2347"]
[PlyCount "145"]
[EventDate "2011.11.03"]
[EventType "team"]
[EventRounds "9"]
[EventCountry "GRE"]
[Source "lmi"]
[SourceDate "2011.11.03"]

1. e4 c6 2. d4 d5 3. Nc3 dxe4 4. Nxe4 Bf5 5. Ng3 Bg6 6. Nh3 e6 7. Nf4 Bd6 8. c3
Nf6 9. h4 Qc7 10. Qf3 Nbd7 11. h5 Bc2 12. Bd3 Bxd3 13. Nxd3 h6 14. Be3 Qa5 15.
Bd2 Qd5 16. Qxd5 cxd5 17. Bf4 Bxf4 18. Nxf4 O-O 19. O-O Rfc8 20. Nd3 Ne8 21. f4
f5 22. Rfe1 Kf7 23. Ne5+ Nxe5 24. fxe5 b5 25. Ne2 a5 26. a3 Nc7 27. Nf4 Na6 28.
Rec1 Rab8 29. Kf2 Rb6 30. Ke3 Nb8 31. Nd3 Nc6 32. Rc2 Ne7 33. Rf2 Kg8 34. Nc5
Rbc6 35. b4 a4 36. Rg1 Rb8 37. Kd3 Rf8 38. g4 fxg4 39. Rxf8+ Kxf8 40. Rxg4 Kf7
41. Nb7 Rb6 42. Rf4+ Nf5 43. Nd6+ Kf8 44. Nxf5 exf5 45. Rxf5+ Ke7 46. Ke2 g6
47. hxg6 Rxg6 48. Kf2 Rc6 49. Rf3 Rc8 50. Kg2 Rg8+ 51. Rg3 Rc8 52. Kh3 Rf8 53.
Rg7+ Ke6 54. Kg4 Rc8 55. Rg6+ Ke7 56. Rd6 Rxc3 57. Rxd5 Rxa3 58. Rxb5 Ke6 59.
Kf4 Rb3 60. d5+ Kd7 61. Kf5 Rf3+ 62. Ke4 Rb3 63. Kd4 Rb1 64. Rb7+ Kc8 65. Ra7
Rxb4+ 66. Kc5 Re4 67. e6 h5 68. Kd6 h4 69. e7 h3 70. Rxa4 h2 71. Rxe4 h1=Q 72.
e8=Q+ Kb7 73. Rb4+ 1-0

[Event "Europa tch 2011 femenino"]
[Site "Porto Carras"]
[Date "2011.11.05"]
[Round "3.7"]
[White "Gara, Ticia"]
[Black "Pavlidou, Ekaterini"]
[Result "1-0"]
[WhiteElo "2375"]
[BlackElo "2176"]
[PlyCount "105"]
[EventDate "2011.11.03"]
[EventType "team"]
[EventRounds "9"]
[EventCountry "GRE"]
[Source "lmi"]
[SourceDate "2011.11.03"]

1. e4 c5 2. Nf3 Nc6 3. d4 cxd4 4. Nxd4 Nf6 5. Nc3 e5 6. Ndb5 d6 7. Bg5 a6 8.
Na3 b5 9. Bxf6 gxf6 10. Nd5 Bg7 11. Bd3 Ne7 12. Nxe7 Qxe7 13. c4 f5 14. O-O O-O
15. Qh5 Rb8 16. exf5 e4 17. Rae1 Bb7 18. Qg4 Rfe8 19. cxb5 d5 20. bxa6 Bc6 21.
Be2 Kh8 22. Rc1 Ba8 23. Nb5 Be5 24. Rfd1 Rg8 25. Qh3 d4 26. Nxd4 Bxd4 27. Rxd4
e3 28. f3 Rxb2 29. Kf1 Rxe2 30. Kxe2 Qa3 31. Rc2 f6 32. g4 Re8 33. Qh6 Qxa6+
34. Rd3 Kg8 35. Qf4 Bd5 36. g5 Kh8 37. g6 Bc6 38. Qd6 Bb5 39. Qxa6 Bxa6 40. h4
hxg6 41. fxg6 Kg7 42. h5 Kh6 43. Rc1 f5 44. f4 Kxh5 45. g7 Bxd3+ 46. Kxd3 e2
47. Re1 Kg4 48. Rxe2 Rg8 49. Rg2+ Kxf4 50. Kd4 Kf3 51. Rg6 f4 52. Ke5 Ke3 53.
Kf6 1-0